000 00199 a2200097 4500
001 28600
100 _aLeake, K
245 _aWelding Craft Science
260 _a
_bCassell
_c
090 _c19137
_d19137
942 _aNUST-CAE
_cM
_c10155
999 _c263673
_d263673